আশুতোষ চৌধুরীর রচনা ও সংগ্রহ-সম্ভার / (Record no. 64692)
[ view plain ]
| 000 -LEADER | |
|---|---|
| fixed length control field | 01095nam a2200253 a 4500 |
| 001 - CONTROL NUMBER | |
| control field | 64692 |
| 003 - CONTROL NUMBER IDENTIFIER | |
| rucl marc code | BD-RjUL |
| 005 - DATE AND TIME OF LATEST TRANSACTION | |
| control field | 20211209081333.0 |
| 008 - FIXED-LENGTH DATA ELEMENTS--GENERAL INFORMATION | |
| fixed length control field | 170219s1988 bg ||||| |||| 00| p ben d |
| 020 ## - INTERNATIONAL STANDARD BOOK NUMBER | |
| Terms of availability | : Tk. 50.00 |
| 035 ## - SYSTEM CONTROL NUMBER | |
| System control number | (BD-RjUL)64822 |
| 040 ## - CATALOGING SOURCE | |
| Original cataloging agency | BD-RjUL |
| Language of cataloging | eng |
| Transcribing agency | BD-RjUL |
| 041 ## - LANGUAGE CODE | |
| Language code of text/sound track or separate title | ben |
| 082 ## - DEWEY DECIMAL CLASSIFICATION NUMBER | |
| Edition number | 23 |
| Classification number | 891.44108 |
| Author mark and year | CHA 1988 |
| 100 1# - MAIN ENTRY--PERSONAL NAME | |
| Personal name | চৌধুরী, আশুতোষ |
| 9 (RLIN) | 186143 |
| 245 10 - TITLE STATEMENT | |
| Title | আশুতোষ চৌধুরীর রচনা ও সংগ্রহ-সম্ভার / |
| Statement of responsibility, etc. | আশুতোষ চৌধুরী ; সম্পাদনা মোমেন চৌধুরী |
| 260 ## - PUBLICATION, DISTRIBUTION, ETC. (IMPRINT) | |
| Place of publication, distribution, etc. | ঢাকা : |
| Name of publisher, distributor, etc. | বাংলা একাডেমী, |
| Date of publication, distribution, etc. | ১৯৮৮ |
| 300 ## - PHYSICAL DESCRIPTION | |
| Pagination | [১৯], ২০০ পৃ. : |
| Illustrations | চিত্র ; |
| Size | ২৩ সেমি. |
| 504 ## - BIBLIOGRAPHY, ETC. NOTE | |
| Bibliography, etc | গ্রন্থপঞ্জি সংযুক্ত |
| 650 ## - SUBJECT ADDED ENTRY--TOPICAL TERM | |
| Topical term or geographic name as entry element | বাংলা কবিতা |
| General subdivision | সংগ্রহ |
| 9 (RLIN) | 189026 |
| Topical term or geographic name as entry element | Benglai Poetry |
| General subdivision | Collection |
| 9 (RLIN) | 191799 |
| 700 ## - ADDED ENTRY--PERSONAL NAME | |
| Personal name | চৌধুরী, মোমেন, সম্পাদক |
| 942 ## - ADDED ENTRY ELEMENTS (KOHA) | |
| Source of classification or shelving scheme | Dewey Decimal Classification |
| Koha item type | Books |
| Lost status | Source of classification or shelving scheme | Damaged status | Not for loan | Collection code | Permanent Location | Current Location | Shelving location | Date acquired | Source of acquisition | Cost, normal purchase price | Total Checkouts | Full call number | Date last seen | Copy number | Koha item type |
|---|---|---|---|---|---|---|---|---|---|---|---|---|---|---|---|
| Dewey Decimal Classification | Not For Loan | Non-fiction | Central Library, University of Rajshahi | Central Library, University of Rajshahi | Reading Room | 25/06/1990 | Bangla Academy, Dhaka | 50.00 | B 891.44108 CHA 1988 | 19/02/2017 | C-1 | Books |